| 000 | 00357cam a2200145ua 4500 | ||
|---|---|---|---|
| 041 |
_aeng _h |
||
| 082 |
_a821 _bMIL/PO |
||
| 100 | _aMilton, John. | ||
| 245 |
_aPoetical works of John Milton / _cJohn Milton. _hTextual Documents |
||
| 260 |
_aLondon : _bMcMillon & Co Ltd , _c1961. |
||
| 300 | _a625 ; . | ||
| 504 | _a | ||
| 942 | _cBK | ||
| 999 |
_c4204 _d4204 |
||